Paesi Asiatici in modo casuale - Quiz con mappa - Statistics

Statistiche generali
  • Questo quiz è stato fatto 2.649 volte
  • Il punteggio medio è 36 su 48
Risposte nella Mappa
Le risposte nella mappa del quiz sottostante sono codificate secondo una scala di colori dal rosso al verde in base alla % di persone che hanno risposto correttamente.
 
Statistiche sulle risposte
Country % Corretto
India
79%
Cina
78%
Corea del Nord
78%
Giappone
78%
Thailandia
78%
Arabia Saudita
77%
Cipro
77%
Corea del Sud
77%
Indonesia
77%
Mongolia
77%
Sri Lanka
77%
Taiwan
77%
Turchia
77%
Vietnam
77%
Filippine
76%
Kazakistan
76%
Maldive
76%
Nepal
76%
Pakistan
76%
Yemen
76%
Afghanistan
75%
Armenia
75%
Bangladesh
75%
Emirati Arabi Uniti
75%
Giordania
75%
Iran
75%
Iraq
75%
Israele
75%
Laos
75%
Libano
75%
Malesia
75%
Oman
75%
Singapore
75%
Siria
75%
Azerbaigian
74%
Bhutan
74%
Cambogia
74%
Georgia
74%
Kuwait
74%
Qatar
74%
Tagikistan
74%
Timor Est
74%
Turkmenistan
74%
Uzbekistan
74%
Bahrain
73%
Kirghizistan
73%
Myanmar
73%
Brunei
71%
Nessun quiz corrispondente trovato
Distribuzione punteggi
Percentuale di utenti per punteggio
Percentile per numero di risposta
I tuoi punteggi nel tempo
Non hai fatto questo quiz